<?xml version="1.0" encoding="UTF-8"?>
<record
    xmlns:xsi="http://www.w3.org/2001/XMLSchema-instance"
    xsi:schemaLocation="http://www.loc.gov/MARC21/slim http://www.loc.gov/standards/marcxml/schema/MARC21slim.xsd"
    xmlns="http://www.loc.gov/MARC21/slim">

  <leader>02089nam a2200301 a 4500</leader>
  <controlfield tag="001">000005678</controlfield>
  <controlfield tag="003">DO-SdBNP</controlfield>
  <controlfield tag="005">20260123084624.0</controlfield>
  <controlfield tag="007">ta</controlfield>
  <controlfield tag="008">090821s2021    dr            000 0 spa d</controlfield>
  <datafield tag="020" ind1=" " ind2=" ">
    <subfield code="a">9789945425628</subfield>
  </datafield>
  <datafield tag="040" ind1=" " ind2=" ">
    <subfield code="a">DO-SdBNP</subfield>
    <subfield code="b">spa</subfield>
    <subfield code="c">BNPHU</subfield>
  </datafield>
  <datafield tag="082" ind1=" " ind2=" ">
    <subfield code="a">346.046</subfield>
    <subfield code="b">C758p, 2021</subfield>
  </datafield>
  <datafield tag="245" ind1="0" ind2="0">
    <subfield code="a">Constitucionalizaci&#xF3;n del proceso civil /</subfield>
    <subfield code="c">Herm&#xF3;genes Acosta ... [et al.].</subfield>
  </datafield>
  <datafield tag="250" ind1=" " ind2=" ">
    <subfield code="a">2da.ed.</subfield>
  </datafield>
  <datafield tag="260" ind1=" " ind2=" ">
    <subfield code="a">Santo Domingo :</subfield>
    <subfield code="b">Escuela Nacional de la Judicatura,</subfield>
    <subfield code="c">2021.</subfield>
  </datafield>
  <datafield tag="300" ind1=" " ind2=" ">
    <subfield code="a">615 p. ;</subfield>
    <subfield code="c">24 cm.</subfield>
  </datafield>
  <datafield tag="505" ind1="2" ind2=" ">
    <subfield code="a">Proceso civil y Constituci&#xF3;n 8 -- Constituci&#xF3;n y proceso civil en el derecho espa&#xF1;ol 54 -- Los principios constitucionales referentes al objeto del proceso, su direcci&#xF3;n y desarrollo formal 66 -- Los principios constitucionales rectores del proceso civil I 96 -- El control judicial de adecuaci&#xF3;n constitucional en la jurisdicci&#xF3;n civil. La cuesti&#xF3;n de inconstitucionalidad 138 -- El control judicial de adecuaci&#xF3;n constitucional en la jurisdicci&#xF3;n civil y la cuesti&#xF3;n de inconstitucionalidad en derecho espa&#xF1;ol 238 -- Los principios constitucionales de contradicci&#xF3;n, audiencia y defensa en el proceso civil 258 -- Los principios constitucionales rectores del proceso civil II 282 -- El derecho a la prueba 328 -- Los principios constitucionales relativos a la prueba. La valoraci&#xF3;n y administraci&#xF3;n de la prueba. La iniciativa probatoria del juez 362 -- El derecho a recurrir como un derecho constitucional 394 -- El derecho a los recursos como derecho constitucionalmente reconocido 425 -- El Derecho procesal civil internacional 456 -- La aplicaci&#xF3;n del juez nacional del Derecho comunitario. La cuesti&#xF3;n prejudicial 520 -- La conciliaci&#xF3;n en el proceso civil espa&#xF1;ol 550</subfield>
  </datafield>
  <datafield tag="590" ind1=" " ind2=" ">
    <subfield code="a">Inventariado, 2018/LP</subfield>
  </datafield>
  <datafield tag="650" ind1=" " ind2="4">
    <subfield code="a">Proceso civil</subfield>
    <subfield code="9">16042</subfield>
    <subfield code="z">Rep&#xFA;blica dominicana</subfield>
  </datafield>
  <datafield tag="650" ind1=" " ind2="0">
    <subfield code="a">Derecho procesal</subfield>
    <subfield code="9">555</subfield>
  </datafield>
  <datafield tag="650" ind1=" " ind2="0">
    <subfield code="a">Derecho constitucional </subfield>
    <subfield code="9">10314</subfield>
  </datafield>
  <datafield tag="700" ind1="1" ind2=" ">
    <subfield code="a">Machado Plazas, Jos&#xE9;</subfield>
    <subfield code="9">16043</subfield>
  </datafield>
  <datafield tag="700" ind1="1" ind2=" ">
    <subfield code="a">Ram&#xED;rez Suzana, Manuel</subfield>
    <subfield code="9">16044</subfield>
  </datafield>
  <datafield tag="700" ind1="1" ind2=" ">
    <subfield code="a">Pic&#xF3;, Joan</subfield>
    <subfield code="9">16045</subfield>
  </datafield>
  <datafield tag="910" ind1=" " ind2=" ">
    <subfield code="a">DG</subfield>
  </datafield>
  <datafield tag="942" ind1=" " ind2=" ">
    <subfield code="2">ddc</subfield>
    <subfield code="c">LBS1</subfield>
  </datafield>
  <datafield tag="952" ind1=" " ind2=" ">
    <subfield code="0">0</subfield>
    <subfield code="1">0</subfield>
    <subfield code="2">ddc</subfield>
    <subfield code="5">1</subfield>
    <subfield code="7">0</subfield>
    <subfield code="8">PD</subfield>
    <subfield code="a">BNPHU</subfield>
    <subfield code="b">BNPHU</subfield>
    <subfield code="c">CT</subfield>
    <subfield code="d">2022-10-03</subfield>
    <subfield code="l">0</subfield>
    <subfield code="o">BNPHU PD 346.046 C758p, 2021</subfield>
    <subfield code="p">2022-4140</subfield>
    <subfield code="r">2022-10-03</subfield>
    <subfield code="w">2022-10-03</subfield>
    <subfield code="y">LBS1</subfield>
  </datafield>
  <datafield tag="952" ind1=" " ind2=" ">
    <subfield code="0">0</subfield>
    <subfield code="1">0</subfield>
    <subfield code="2">ddc</subfield>
    <subfield code="5">1</subfield>
    <subfield code="7">0</subfield>
    <subfield code="8">PD</subfield>
    <subfield code="a">BNPHU</subfield>
    <subfield code="b">BNPHU</subfield>
    <subfield code="c">CT</subfield>
    <subfield code="d">2022-10-03</subfield>
    <subfield code="l">0</subfield>
    <subfield code="o">BNPHU PD 346.046 C758p, 2021</subfield>
    <subfield code="p">2022-4141</subfield>
    <subfield code="r">2022-10-03</subfield>
    <subfield code="t">e.2</subfield>
    <subfield code="w">2022-10-03</subfield>
    <subfield code="y">LBS1</subfield>
  </datafield>
  <datafield tag="952" ind1=" " ind2=" ">
    <subfield code="0">0</subfield>
    <subfield code="1">0</subfield>
    <subfield code="2">ddc</subfield>
    <subfield code="5">6</subfield>
    <subfield code="7">0</subfield>
    <subfield code="8">DS</subfield>
    <subfield code="a">BNPHU</subfield>
    <subfield code="b">BNPHU</subfield>
    <subfield code="c">CT</subfield>
    <subfield code="d">2022-10-03</subfield>
    <subfield code="l">0</subfield>
    <subfield code="o">BNPHU DS 346.046 C758p, 2021</subfield>
    <subfield code="p">2022-4142</subfield>
    <subfield code="r">2022-10-03</subfield>
    <subfield code="t">e.3</subfield>
    <subfield code="w">2022-10-03</subfield>
    <subfield code="y">LBS1</subfield>
  </datafield>
  <datafield tag="999" ind1=" " ind2=" ">
    <subfield code="c">52506</subfield>
    <subfield code="d">52506</subfield>
  </datafield>
</record>
